HYAENA - Travis Scott Lyrics - Statistics

General Stats
  • This quiz has been taken 139 times
  • The average score is 194 of 404
Answer Stats
Answer % Correct
I
96%
The
94%
the
94%
a
93%
this
92%
This
92%
go
91%
is
89%
situation
89%
we
89%
We
89%
in
88%
time
88%
it
87%
It
87%
it,
87%
are
86%
1
85%
good
85%
at
84%
one,
84%
can
83%
change,
80%
out
80%
shit
80%
stay
79%
control
78%
same
78%
my
77%
I'm
75%
Neither
75%
so
74%
drivin'
70%
Hell
69%
okay
67%
outta
67%
do
66%
make
66%
nor
66%
and
64%
Hail,
64%
hail,
64%
hail
64%
through
64%
me
61%
me,
61%
snow
61%
unblessed
61%
claim
59%
you
59%
You
59%
hear
58%
of
57%
be
56%
brought
56%
like
56%
say,
55%
say
55%
done
53%
info
53%
It's
53%
it's
53%
to
50%
about
48%
all
48%
sirens
48%
what
48%
What
48%
know
47%
glow
46%
show
46%
chateau,
43%
for
43%
For
43%
run
43%
Yeah,
43%
yeah
43%
right
42%
Write
42%
write
42%
her
41%
Or
41%
myself
40%
shinin'
39%
bitches
38%
Tryna
38%
close
37%
made
37%
not
37%
'bout
36%
too
36%
'Cause
35%
'cause
35%
around
34%
Chelsea
34%
did,
34%
Handler
34%
by
33%
dough
33%
everything
33%
series
33%
came
32%
Kansas
32%
got
31%
here
31%
jet
31%
Kelsey
31%
Where
31%
map
29%
up,
29%
up
29%
get
28%
Italian
28%
bread
27%
Grammar
27%
shall
27%
with
27%
With
27%
bobblehead
26%
Jayhawk
26%
life,
26%
biggest
25%
down
25%
how
25%
much
25%
pro
25%
took
25%
anthems
24%
esperanza
24%
Poetic
24%
boat
23%
involved
23%
justice,
23%
C-notes,
22%
your
22%
B-notes,
21%
night
21%
She
21%
stanzas
21%
leave,
20%
slaps
20%
stands
19%
that
19%
'em
18%
fill
18%
gotta
18%
Gotta
18%
Mother
18%
ounce
18%
stances,
18%
trees
18%
model
17%
jingle
16%
pregnant
16%
Spaldin'
16%
had
15%
Power,
15%
bust
14%
Nicknamed
14%
slammin'
14%
wall
14%
whole
14%
Jesus
13%
leaves
13%
(Ah)
12%
ah
12%
doin'
12%
Earth
12%
single
12%
Gala,
11%
lines
11%
lit
11%
Met
11%
Hold
10%
least
10%
roulette
10%
spend
10%
sweat
10%
that's
10%
baby
9%
but
9%
pardon,
9%
top,
9%
35
8%
beg
8%
Buy
8%
drown
8%
feel
8%
home,
8%
lease
8%
Mona
8%
"Never
8%
never
8%
ride,
8%
stayed
8%
then
8%
Uh,
8%
finish,"
7%
stress,
7%
type
7%
y'all
7%
finally
6%
have
6%
hit
6%
mind
6%
own
6%
preacher,
6%
Skip
6%
third
6%
told
6%
let
5%
maggots
5%
pieces,
5%
Set
5%
was
5%
empty
4%
knew
4%
knocked
4%
offended
4%
pack,
4%
party
4%
Squad
4%
above
3%
bent
3%
city,
3%
fat
3%
pockets
3%
rise
3%
skinny
3%
tasted
3%
while
3%
barely
2%
dumb
2%
Mobile,
2%
shotty
2%
'til
2%
universe
2%
wiped
2%
touched
1%
No matching quizzes found
Score Distribution
Percent of People with Each Score
Percentile by Number Answered
Your Score History
You have not taken this quiz